| 000 | 00373nam a2200133Ia 4500 | ||
|---|---|---|---|
| 008 | 231129s9999||||xx |||||||||||||| ||spa|| | ||
| 020 | _a958-02-0813-1 | ||
| 040 | _bspa | ||
| 082 | _aR 036.02 M438L 1994 | ||
| 100 | _aMatthews Peter editor | ||
| 245 | 0 | _aLibro de los records guinness 1994 | |
| 264 | _aVoluntad. | ||
| 942 |
_2ddc _cBKS |
||
| 999 |
_c19235 _d19235 |
||